| 000 | 00751nam a2200241 a 4500 | ||
|---|---|---|---|
| 001 | 18354 | ||
| 003 | CO-ViMGA | ||
| 008 | 141112s2004 ck r 000 u spa d | ||
| 020 | _a8471147831 | ||
| 040 |
_aCO-ViMGA _bspa _cCO-ViMGA |
||
| 082 | 0 | 4 | _a634.92 C111v |
| 100 | 1 |
_aCaballer Mellado, Vicente _926112 |
|
| 245 | 1 | 0 | _aValoración de árboles . Frutales - Forestales - Medioambientales - Ornamentales |
| 260 |
_aMadríd (España), _cMundi - prensa, _c1999 |
||
| 300 | _a247.p. | ||
| 590 | _aForma de adquisición : Premio - Mincultura | ||
| 650 | 1 | 4 |
_aARBOLES FRUTALES _94251 |
| 650 | 1 | 4 |
_aARBOLES ORNAMENTALES _926113 |
| 650 | 1 | 4 | _aBOSQUES |
| 650 | 1 | 4 |
_aEconomía FORESTAL _926114 |
| 650 | 1 | 4 |
_aVALORACION DE TIERRAS _926115 |
| 942 |
_2ddc _cBK |
||
| 999 |
_c27658 _d27658 |
||